000 00691nam a2200265Ia 4500
003 OSt
005 20220912151755.0
006 a|||||r|||| 00| 0
007 ta
008 220909b |||||||| |||| 00| 0 eng d
024 _a31984
037 _cTextual
040 _aCSL
_beng
_cCSL
041 _aeng
082 _aY, L81
100 _aElias Norbert
245 0 _aWhat is Sociology
260 _aLondon
_bHutchinson
_c1978
300 _a187p.
_ccm.
650 _asociology
700 _a Mennell Stephen Tr.
700 _a Morrissey Grace Tr.
942 _hY, L81
_cTEXL
_2CC
999 _c75056
_d75056